000 00858cab a2200217 4500
001 ABS50812
008 090401t1994 xxu||||| |||| 00| 0 eng d
035 _a(Sirsi) u56267
041 _aeng
100 _aMaguire, J.
245 _aStructural appraisal before refurbishment
260 _c1994
350 _a0
490 _aConstruction Repair
_v8(3) May/June 1994, 21-23(3)
520 _aBriefly reviews some key issues related to structural appraisal before refurbishment, in relation to buildings, bridges and other structures. It examines reasons for carrying out appraisals, which standards and technologies should be adopted, as well as how much should be spent.
650 _aBUILT ENVIRONMENT-BUILDING MAINTENANCE AND REFURBISHMENT
650 _aSTRUCTURAL APPRAISAL
690 _aRefurbishment
_96264
942 _n0
948 _c04/03/1997
999 _c34312
_d34312